MARC детайли
| 000 -Лидер |
| Контролно поле с фиксирана дължина |
06059nam a2200493 a 4500 |
| 003 - Код на организацията, давaща контролен номер |
| Контролно поле |
BLK |
| 005 - Дата и час на последна редакция |
| Контролно поле |
20250220124709.0 |
| 008 - Елементи от данни с фиксирана дължина |
| fixed length control field |
180911b bul|||||r ||||||| ||bul|| |
| 010 ## - Наследен системен номер |
| LC control number |
001900 |
| 040 ## - Източник на каталожния запис |
| Идентификатор на билиотеката - собственик на записа |
BLK |
| 041 ## - Код за език |
| Код за езика на текст/звукозапис или на отделно заглавие |
Български |
| Код за езика КДБФ |
Български |
| 080 ## - УДК |
| Текстов определител УДК |
Българска литература |
| УДК код - определител по УДК |
821.163.2 |
| УДК определител |
(092) |
| УДК - код + определител |
821.163.2(092) |
| 080 ## - УДК |
| Текстов определител УДК |
Български писател, адвокат и общественик (1863-1897) |
| УДК код - определител по УДК |
929 Константинов, Алеко Иваницов |
| УДК - код + определител |
929 Константинов, Алеко Иваницов |
| 100 ## - Редна дума - Автор |
| Автор |
Пенев, Боян |
| Авторска отговорност |
първи автор |
| R(LIN) |
396852 |
| Дати, свързани с автора |
1882 – 1927 |
| Пълна форма на името |
Николов, Боян Пенев |
| 139 ## - Редно поле |
| Редна дума |
Пенев, Боян |
| 245 00 - Сведения за заглавието |
| Заглавие |
Алеко Константинов |
| Подзаглавни данни |
Биография |
| Редно поле (дума) |
Боян Пенев |
| 260 ## - Област на издателските данни |
| Място на издаване, разпространение и проч. |
София |
| Година на издаване |
1937 |
| Печатница |
АБВ |
| 300 ## - Физическа характеристика |
| Страници |
58 с. |
| Илюстрации и др. |
1 л. портр. |
| Размери/Мащаб |
21 см |
| 380 ## - Жанр |
| Жанр |
Литературознание |
| 490 ## - СЕРИИ (Колекции) |
| Име на серия |
Частна колекция - Академик Михаил Арнаудов |
| Бележки за серията |
Дарение - Основен фонд |
| 500 ## - Общи забележки |
| Забележка |
Михаил Арнаудов: негови-книга, негови-изрезка. - Подчертавания и бележки в текста. Статия за Петко Ю. Тодоров : в. Демократически сговор (инв. № 587480). |
| 500 ## - Общи забележки |
| Забележка |
Автограф с текст: На Гн Проф. М. Арнаудов от Дора Габе 1937 (инв.№ 587480) |
| 520 ## - Забележка за наличие на резюме, анотация и т.н |
| Анотация, рецензия, сканиран текст |
|
| 600 14 - Име на лице, използвано като предмет |
| За него / За нея |
Константинов, Алеко Иваницов |
| Свързани дати |
1863 - 1897 |
| 9 (RLIN) |
81998 |
| 650 ## - Допълнително описание по предмет – тема |
| Основно описание – тема или топоним |
Писатели |
| 9 (RLIN) |
166332 |
| 650 ## - Допълнително описание по предмет – тема |
| Основно описание – тема или топоним |
Биографии |
| 9 (RLIN) |
148657 |
| 650 ## - Допълнително описание по предмет – тема |
| Основно описание – тема или топоним |
Критика |
| 9 (RLIN) |
159735 |
| 650 #0 - Допълнително описание по предмет – тема |
| Основно описание – тема или топоним |
Писатели, български |
| 9 (RLIN) |
241944 |
| 655 ## - Ключова дума – жанр/разновидност |
| Данни за жанр/разновидност или ключова дума за фокус |
българско литературознание |
| 762 ## - Описание на подсерията (дигитална колекция) |
| 9 (RLIN) |
409507 |
| Име на дигиталната колекция |
Послания на времето |
| Резюме на колекция |
Акад. Михаил Арнаудов - послания и дарствени слова |
| Описание на колекция |
Академик Михаил Арнаудов е личност със значимо присъствие в българската култура и принос в областта на науката, литературата, фолклора, историята на българското Възраждане, социологията, философията и народопсихологията. Цялото документално и библиотечно наследство на родения в Русе виден учен е национално богатство от изключително значение. Единствено Регионална библиотека „Любен Каравелов“ – Русе притежава колекция от над 1500 книги от личната библиотека на Михаил Арнаудов с автографи, послания и дарствени надписи от български и чужди знакови личности. Зад всеки автограф се крие историята на взаимоотношенията между Академика и неговите съвременници. Тези автографи са неизвестни и неизследвани страници от българското културно наследство. |
| Номер на изображение |
1 |
| Описание на изображение |
Текст: На Гн Проф. М. Арнаудов от Дора Габе 1937 |
| Название на изображение |
Автограф от Дора Габе |
| 763 1# - Описание на подсерията (дигитални колекции - автор) |
| Връзки |
221990 |
| Автор към изображението |
Габе, Дора |
| Дати, свързани с автора |
16.08.1888 – 16.11.1983 |
| Друга информация |
Дора Габе е псевдоним на Изидора Пейсах – българска поетеса от еврейски произход. Завършва френска литература в Женева и Гренобъл. Творчески дебют са стихотворните ѝ цикли, поместени в списанията „Мисъл“, „Демократически преглед“ и „Ново общество“ през 1905 – 1906 г. Първата ѝ стихосбирка „Теменуги“ излиза през 1908 г. След Първата световна война редовно сътрудничи на сп. „Златорог“. От началото на второто десетилетие до края на 30-те години на ХХ век публикува поезия за възрастни и деца, пътеписи, разкази, есеистична проза, импресии, отзиви за театрални статии по въпроси на чуждестранната и българската литература, спомени за поети и писатели в списанията „Съвременна мисъл“, „Листопад“, „Добруджански преглед“, „Изкуство и критика“, във вестниците „Слово“, „Вестник на жената“, „Свободна реч“, „Мисъл“, „Съвременник“ и др. Дора Габе разгръща дарованието си в областта на детската литература. Дебютира в „Златна книга на нашите деца“ на Александър Божинов през 1921 г. Книгите ѝ за деца от 20-те до 60-те години принадлежат към класиката на детското литературно наследство. Дора Габе активно превежда от полски, чешки, руски, френски и гръцки език. |
| Номера от таг 762 подп. 9 |
409507 |
| Номер на изображение |
1 |
| Пълно име на автора |
Дора Габе |
| 852 ## - Местоположение |
| Форматна сигнатура |
МА 512 |
| Фондова буква |
Фонд "Михаил Арнаудов" |
| 852 ## - Местоположение |
| Форматна сигнатура |
Цб 8.205.7538 |
| Фондова буква |
Хранилище |
| 942 ## - АРТИКУЛИ |
| Вид на библиотечния материал |
Книги |
| Скрит в OPAC |
Не |
| Периодичен библиозапис |
Да |
| Koha issues (borrowed), all copies |
1 |
| 944 ## - СЪЗДАВАНЕ И РЕДАКЦИЯ на ЗАПИСА |
| Създаване/Редакция |
Създаване |
| Дата на регистрацията/редакция |
1995 |
| Служител, извършил регистрацията/редакцията |
30546 |
| Статус, дата на статуса |
Ренета Константинова |
| 999 ## - СИСТЕМНИ КОНТРОЛНИ НОМЕРА |
| Koha biblionumber |
342261 |
| Koha biblioitemnumber |
342261 |
| 999 ## - СИСТЕМНИ КОНТРОЛНИ НОМЕРА |
| Koha biblioitemnumber |
342261 |
| 999 ## - СИСТЕМНИ КОНТРОЛНИ НОМЕРА |
| Koha biblioitemnumber |
342261 |
| 999 ## - СИСТЕМНИ КОНТРОЛНИ НОМЕРА |
| Koha biblioitemnumber |
342261 |
| 999 ## - СИСТЕМНИ КОНТРОЛНИ НОМЕРА |
| Koha biblioitemnumber |
342261 |
| 999 ## - СИСТЕМНИ КОНТРОЛНИ НОМЕРА |
| Koha biblioitemnumber |
342261 |
| 999 ## - СИСТЕМНИ КОНТРОЛНИ НОМЕРА |
| Koha biblioitemnumber |
342261 |
| 999 ## - СИСТЕМНИ КОНТРОЛНИ НОМЕРА |
| Koha biblioitemnumber |
342261 |
| 999 ## - СИСТЕМНИ КОНТРОЛНИ НОМЕРА |
| Koha biblioitemnumber |
342261 |